000 00475nam a22001817a 4500
003 OSt
005 20180116182953.0
008 140101b xxu||||| |||| 00| 0 eng d
020 _a9788131761212
040 _a0
_c0
082 _a658.3 PAN 2012
100 _aSharon Pande
245 _aHuman Resource Management
_bText and Cases
_cSharon Pande
260 _aDelhi. Chennai
_bPearson
_c2012
300 _a744p
_bPB
440 _aHuman Resource Management
942 _2ddc
_cBK
999 _c349580
_d349580